[Event "31. DSenEM2019 Gruppe 65+"]
[Site "Radebeul"]
[Date "2019.05.03"]
[Round "8.53"]
[White "Schmidt, Hans-Gerd"]
[Black "Orlova, Liubov"]
[Result "1/2-1/2"]
[WhiteElo "1850"]
[BlackElo "1988"]
[PlyCount "110"]
[EventDate "2019.??.??"]
[WhiteTeam "TuS Coswig"]
[BlackTeam "TSV IFA Chemnitz"]

1. e4 c5 2. Nf3 e6 3. b3 Nc6 4. Bb2 b6 5. Bb5 Bb7 6. Qe2 Qc7 7. Nc3 Nf6 8. Bxc6
Bxc6 9. d3 d6 10. Nd1 Be7 11. Ne3 b5 12. O-O O-O 13. Rfe1 Nd7 14. Ng4 Qb7 15.
h4 e5 16. Ne3 Nb6 17. Nf5 Qd7 18. Bc1 Bd8 19. Nh2 f6 20. Qg4 Kh8 21. h5 a5 22.
Re3 Ra7 23. Rg3 d5 24. Be3 d4 25. Bd2 Nc8 26. Nf3 Nd6 27. N3h4 Nxf5 28. exf5
Rf7 29. Ng6+ Kg8 30. h6 Rb7 31. hxg7 Rxg7 32. Bh6 Rxg6 33. fxg6 Qxg4 34. Rxg4
hxg6 35. Bd2 Kg7 36. f3 f5 37. Rg3 Bf6 38. Bg5 Bd7 39. Bxf6+ Kxf6 40. Rh3 Be6
41. Kf2 a4 42. Rh8 c4 43. b4 cxd3 44. cxd3 Rc7 45. Rb8 Rc2+ 46. Kg3 f4+ 47. Kh2
Bd7 48. Rb6+ Bc6 49. Re1 Kf5 50. Kg1 g5 51. Kf1 Ke6 52. Re2 Rc1+ 53. Kf2 Kd6
54. Re1 Rc2+ 55. Re2 Rc1 1/2-1/2

[Event "31. DSenEM2019 Gruppe 65+"]
[Site "Radebeul"]
[Date "2019.05.03"]
[Round "8.54"]
[White "Zimmermann, Manfred"]
[Black "Kundt, Günther"]
[Result "1-0"]
[WhiteElo "1968"]
[BlackElo "1736"]
[PlyCount "117"]
[EventDate "2019.??.??"]
[WhiteTeam "Kieler SG"]
[BlackTeam "SSC Graal-Müritz"]

1. d4 d6 2. e4 Nf6 3. Bd3 Nbd7 4. Nf3 e5 5. c3 Be7 6. O-O O-O 7. b3 b6 8. d5
Nc5 9. Re1 Nxd3 10. Qxd3 Nd7 11. Nbd2 Nc5 12. Qc2 f5 13. b4 Nxe4 14. Nxe4 fxe4
15. Qxe4 Bf5 16. Qe3 h6 17. h3 Qd7 18. Kh2 c5 19. a4 cxb4 20. cxb4 Rac8 21. Bd2
Rc2 22. Rec1 Rfc8 23. h4 R8c4 24. Rxc2 Rxc2 25. Ne1 Rc4 26. g3 Qb7 27. Qf3 Be4
28. Qh5 Bxd5 29. a5 Bf7 30. Qf5 b5 31. Nc2 Qd5 32. Be1 Be6 33. Ne3 Bxf5 34.
Nxd5 Bxh4 35. Ne3 Bxg3+ 36. fxg3 Be6 37. Rd1 Rc6 38. Kg1 Kf7 39. Kf2 Kf6 40.
Kf3 g6 41. g4 Bc4 42. Bd2 d5 43. Nxc4 dxc4 44. Bc3 Re6 45. Rd5 a6 46. Rd1 h5
47. gxh5 gxh5 48. Ke4 h4 49. Rf1+ Kg5 50. Rg1+ Kh5 51. Bxe5 h3 52. Kf5 Rxe5+
53. Kxe5 Kh4 54. Kf4 h2 55. Rh1 Kh3 56. Kf3 c3 57. Rc1 Kh4 58. Kg2 h1=Q+ 59.
Kxh1 1-0

[Event "31. DSenEM2019 Gruppe 65+"]
[Site "Radebeul"]
[Date "2019.05.03"]
[Round "8.55"]
[White "Wolter, Günter"]
[Black "Schroeder, Christian"]
[Result "0-1"]
[WhiteElo "1849"]
[BlackElo "1957"]
[PlyCount "126"]
[EventDate "2019.??.??"]
[WhiteTeam "TSG Neustrelitz"]
[BlackTeam "HSG Uni Rostock"]

1. e4 c5 2. Nc3 Nc6 3. g3 g6 4. Bg2 Bg7 5. d3 e6 6. f4 Nge7 7. Nf3 d6 8. O-O
O-O 9. Rb1 a6 10. Be3 Nd4 11. Ne2 Nec6 12. c3 Nxe2+ 13. Qxe2 b5 14. g4 Rb8 15.
g5 b4 16. c4 Nd4 17. Qf2 Qb6 18. Nxd4 cxd4 19. Bd2 Qc5 20. Bh3 f5 21. exf5 gxf5
22. Bg2 Bb7 23. Qe1 Bxg2 24. Kxg2 e5 25. b3 a5 26. Qg3 Qc6+ 27. Kg1 e4 28. Rbe1
Rbe8 29. h4 Re6 30. dxe4 fxe4 31. f5 Be5 32. Qg4 Ree8 33. f6 Kh8 34. Bf4 e3 35.
h5 Qe4 36. f7 Re7 37. g6 hxg6 38. hxg6 Kg7 39. Re2 Qxg6 40. Rg2 Qxg4 41. Rxg4+
Kh8 42. Bxe5+ dxe5 43. Rf5 Rfxf7 44. Rh5+ Rh7 45. Rf5 Rhg7 46. Rfg5 Rxg5 47.
Rxg5 Rg7 48. Rg2 Rxg2+ 49. Kxg2 Kg7 50. Kf3 e4+ 51. Ke2 Kf7 52. Ke1 d3 53. Kd1
Ke6 54. Ke1 Kd6 55. Kd1 Kc5 56. Ke1 Kd4 57. Kd1 e2+ 58. Kd2 e3+ 59. Ke1 Kc3 60.
c5 Kc2 61. c6 d2+ 62. Kxe2 d1=Q+ 63. Kxe3 Qd6 0-1

[Event "31. DSenEM2019 Gruppe 65+"]
[Site "Radebeul"]
[Date "2019.05.03"]
[Round "8.56"]
[White "Ehlert, Joachim"]
[Black "Narr, Irmgard"]
[Result "1-0"]
[WhiteElo "1918"]
[BlackElo "1708"]
[PlyCount "115"]
[EventDate "2019.??.??"]
[WhiteTeam "SV Lok Dresden"]
[BlackTeam "SC Mühlhof-Reichelsdorf"]

1. e4 e6 2. d4 d5 3. Nd2 Be7 4. e5 c5 5. c3 Qb6 6. Ndf3 Nc6 7. Bd3 Bd7 8. Ne2
cxd4 9. cxd4 Nb4 10. Bb1 f5 11. O-O Bb5 12. Re1 Bxe2 13. Qxe2 Nc6 14. Rd1 Bd8
15. Be3 Nce7 16. Bd3 a6 17. a4 Ng6 18. a5 Qc7 19. Rdc1 Qf7 20. Bc2 N8e7 21.
Ba4+ Nc6 22. Bxc6+ bxc6 23. Rxc6 O-O 24. Rxa6 Rb8 25. Bg5 h6 26. Bxd8 Rfxd8 27.
g3 Nf8 28. Rb1 Rb4 29. Rc6 Rdb8 30. a6 Qd7 31. Rc3 Qa4 32. Kg2 Ra8 33. Ra3 Qd7
34. Qd3 Qe8 35. b3 Ra7 36. Ne1 Rb6 37. Rba1 Nd7 38. Nc2 Rc6 39. Nb4 Rc3 40. Qd2
Nb6 41. Nd3 Rc6 42. Nc5 Kf7 43. Qb4 g5 44. Nb7 Kg6 45. Nd6 Qf8 46. Qb5 Rac7 47.
a7 Na8 48. Ra6 Rxa6 49. Rxa6 f4 50. Qd3+ Kg7 51. g4 Qe7 52. Nb5 Rb7 53. Ra5 Qd7
54. b4 Qc6 55. Nd6 Rxb4 56. Rc5 Qd7 57. Rc8 Nc7 58. Rxc7 1-0

[Event "31. DSenEM2019 Gruppe 65+"]
[Site "Radebeul"]
[Date "2019.05.03"]
[Round "8.57"]
[White "Blosze, Winfried"]
[Black "Reeh, Axel"]
[Result "1/2-1/2"]
[WhiteElo "1914"]
[BlackElo "1694"]
[PlyCount "82"]
[EventDate "2019.??.??"]
[WhiteTeam "SV Großauheim"]
[BlackTeam "Bremer SG"]

1. e4 c5 2. d4 cxd4 3. c3 dxc3 4. Nxc3 d6 5. Bc4 e6 6. Nf3 Nc6 7. O-O Be7 8. h3
Bd7 9. Bf4 e5 10. Be3 a6 11. a4 Nf6 12. Qe2 O-O 13. Rfd1 Qc7 14. Rac1 Qb8 15.
Nd5 Nxd5 16. Bxd5 Nd8 17. Bg5 Bxg5 18. Nxg5 Ne6 19. Qd2 Bxa4 20. Nxe6 fxe6 21.
Bxe6+ Kh8 22. Re1 Rf6 23. Bd5 Qa7 24. Rc7 Raf8 25. Qe3 Qb8 26. Rxb7 Qe8 27. Qg5
Rg6 28. Qe7 Qxe7 29. Rxe7 Rgf6 30. f3 Rc8 31. Ra1 Bb5 32. Bb7 Rg8 33. Bxa6 Bxa6
34. Rxa6 Rg6 35. b4 h5 36. b5 Rc8 37. b6 Rc1+ 38. Kf2 Rc2+ 39. Ke3 Rgxg2 40.
Kd3 Rgd2+ 41. Ke3 Re2+ 1/2-1/2

[Event "31. DSenEM2019 Gruppe 65+"]
[Site "Radebeul"]
[Date "2019.05.03"]
[Round "8.58"]
[White "Lekakh, Mikhail"]
[Black "Nosek, Reinhard"]
[Result "0-1"]
[WhiteElo "1841"]
[BlackElo "1913"]
[PlyCount "120"]
[EventDate "2019.??.??"]
[WhiteTeam "Oberbilker SV"]
[BlackTeam "SF Torgau"]

1. e4 c5 2. Nf3 d6 3. Bb5+ Nd7 4. O-O e6 5. Re1 Be7 6. c3 Ngf6 7. d4 O-O 8.
Nbd2 Qc7 9. Nf1 Nb6 10. Bg5 d5 11. Bxf6 Bxf6 12. e5 Be7 13. Bd3 f5 14. exf6
Rxf6 15. Ne5 Nd7 16. Ng3 Bd6 17. Qh5 Nf8 18. Qg5 b5 19. Nh5 Bxe5 20. dxe5 Rh6
21. Nf6+ Kh8 22. Ng4 Rg6 23. Bxg6 Nxg6 24. Re3 Bb7 25. Rh3 Qf7 26. Rf3 Qe8 27.
Rd3 Rc8 28. h4 Rc7 29. h5 Ne7 30. h6 Nf5 31. f3 d4 32. Kf2 c4 33. Rxd4 Nxd4 34.
cxd4 Rd7 35. hxg7+ Rxg7 36. Qf6 Qf7 37. Qxf7 Rxf7 38. Nf6 a5 39. Rh1 b4 40. Rc1
Ba6 41. Ke3 Kg7 42. Ne8+ Kg6 43. Nd6 Rc7 44. Ne4 Bb5 45. Nc5 Rc6 46. Ke4 Kg5
47. g3 a4 48. Rh1 h6 49. Rh4 h5 50. Rh2 Rb6 51. Ke3 Be8 52. Ne4+ Kg6 53. Nf6 b3
54. axb3 Rxb3+ 55. Kf4 Bc6 56. Ne4 Rd3 57. Rc2 Rxd4 58. Rc3 Bd5 59. Ke3 Rd1 60.
Nd2 Rg1 0-1

[Event "31. DSenEM2019 Gruppe 65+"]
[Site "Radebeul"]
[Date "2019.05.03"]
[Round "8.59"]
[White "Andrienko, Anatoliy"]
[Black "Jürgens, Peter"]
[Result "1/2-1/2"]
[WhiteElo "1828"]
[BlackElo "1899"]
[PlyCount "26"]
[EventDate "2019.??.??"]
[WhiteTeam "SF Köln-Longerich"]
[BlackTeam "SC Tempo Göttingen"]

 1. e4 e6 2. d4 d5 3. Nc3 Bb4 4. exd5 exd5 5. Bd3 Ne7 6.
Nge2 O-O 7. O-O Bf5 8. Bg5 f6 9. Bf4 Bd6 10. Re1 c6 11. Qd2 Bxd3 12. Qxd3 Ng6
13. Qg3 Nxf4 1/2-1/2

[Event "31. DSenEM2019 Gruppe 65+"]
[Site "Radebeul"]
[Date "2019.05.03"]
[Round "8.60"]
[White "Schmitt, Karl"]
[Black "Raitza, Egon"]
[Result "1/2-1/2"]
[WhiteElo "1884"]
[BlackElo "1704"]
[Annotator "lenovo"]
[PlyCount "98"]
[EventDate "2019.??.??"]
[WhiteTeam "Bergische SF"]
[BlackTeam "SSC Rostock"]

1. d4 d5 2. c4 e6 3. Nc3 Nf6 4. cxd5 exd5 5. Bg5 Be7 6. Qc2 c6 7. e3 h6 8. Bxf6
Bxf6 9. Bd3 Nd7 10. Nge2 O-O 11. O-O Re8 12. Ng3 Nf8 13. b4 Be6 14. Kh1 Rc8 15.
Rae1 b6 16. Na4 Nd7 17. Nf5 Nf8 18. Rc1 g6 19. Ng3 Re7 20. Ne2 Rec7 21. Nf4 (
21. Kg1) 21... Qd6 22. g3 Bg7 23. Bxg6 Re8 24. Bd3 Bd7 25. Qd2 Rcc8 26. Bc2 Qf6
27. Bb3 Ne6 28. Nxe6 Qxe6 29. Nb2 Qg4 30. Bd1 Qg5 31. Bf3 Bf5 32. Rfd1 Be4 33.
Bxe4 Rxe4 34. Nd3 Qd8 35. Rc2 Qd6 36. Rdc1 h5 37. b5 c5 38. dxc5 bxc5 39. Nxc5
Ree8 40. a4 Bf8 41. Nb3 Rxc2 42. Qxc2 Re4 43. Nd4 Bg7 44. Qc6 Qd8 45. Qc5 Bxd4
46. exd4 Qa5 47. h3 Qxa4 48. h4 Qxd4 49. Qxd4 Rxd4 1/2-1/2

[Event "31. DSenEM2019 Gruppe 65+"]
[Site "Radebeul"]
[Date "2019.05.03"]
[Round "8.61"]
[White "Fleischer, Martin"]
[Black "Ollek, Karl-Heinz"]
[Result "1-0"]
[WhiteElo "1881"]
[BlackElo "1626"]
[Annotator "lenovo"]
[PlyCount "122"]
[EventDate "2019.??.??"]
[WhiteTeam "SV Einheit Schwerin"]
[BlackTeam "SC Friesen Lichtenberg"]

 1. e4 c5 2.
c3 d5 3. exd5 Qxd5 4. Nf3 e5 5. c4 Qe4+ 6. Be2 Bd6 7. Nc3 Qc6 8. d3 Ne7 9. O-O
O-O 10. Nh4 Be6 11. Bf3 Qd7 12. g3 Nbc6 13. a3 Bh3 14. Re1 Nd4 15. Bh1 Kh8 16.
Be3 Rad8 17. Bxd4 cxd4 18. Ne4 h6 19. b4 Bb8 20. Nc5 Qc7 21. Nxb7 Rc8 22. Nc5
g5 23. Ng2 Qd6 24. Qe2 Kh7 25. Rf1 f5 26. f3 f4 27. Ne4 Qg6 28. Nf2 Bxg2 29.
Bxg2 fxg3 30. hxg3 Nf5 31. Ne4 Ne3 32. g4 Qf7 33. Bh1 Qf4 34. Qh2 Qxh2+ 35.
Kxh2 Rf4 36. c5 Rcf8 37. c6 Bc7 38. Kg3 Kg6 39. a4 h5 40. gxh5+ Kxh5 41. Ra2
Nf5+ 42. Kf2 g4 43. Ng3+ Kh4 44. Nxf5+ R8xf5 45. Rg1 gxf3 46. Rg7 Rf7 47. Rxf7
Rxf7 48. Bxf3 Kg5 49. Rc2 e4 50. dxe4 Kf4 51. Rc5 Bb6 52. Rd5 d3+ 53. Ke1 Ke3
54. Bg2 Rg7 55. Bf1 Kxe4 56. Rxd3 Rh7 57. Rd7 Rxd7 58. cxd7 a5 59. bxa5 Bxa5+
60. Kd1 Kd4 61. Ke2 Bd8 1-0

[Event "31. DSenEM2019 Gruppe 65+"]
[Site "Radebeul"]
[Date "2019.05.03"]
[Round "8.62"]
[White "Wawrinsky, Ludwig"]
[Black "Reimann, Günther"]
[Result "1/2-1/2"]
[WhiteElo "1676"]
[BlackElo "1880"]
[PlyCount "47"]
[EventDate "2019.??.??"]
[WhiteTeam "SK Neuperlach"]
[BlackTeam "SC Magstadt"]

 1. e4 e6 2. d3 e5 3. f4 exf4 4. Bxf4 d6 5. Nf3 Nf6 6. Nc3 Be7 7. h3 Nh5 8.
Qd2 Nxf4 9. Qxf4 Nc6 10. Nd5 O-O 11. Nxe7+ Qxe7 12. c3 f5 13. Nd2 Bd7 14. O-O-O
fxe4 15. Qxe4 Qxe4 16. Nxe4 Be6 17. b3 Bf5 18. Re1 Rae8 19. Kd1 Bxe4 20. Rxe4
Rxe4 21. dxe4 Rf2 22. Bc4+ Kf8 23. Rf1 Rxf1+ 24. Bxf1 1/2-1/2

[Event "31. DSenEM2019 Gruppe 65+"]
[Site "Radebeul"]
[Date "2019.05.03"]
[Round "8.63"]
[White "Pöltelt, Helmut"]
[Black "Leisen, Peter"]
[Result "0-1"]
[WhiteElo "1711"]
[BlackElo "1872"]
[PlyCount "84"]
[EventDate "2019.??.??"]
[WhiteTeam "SC Eintracht Berlin"]
[BlackTeam "SV Bönen"]

 1. e4 c5 2. Nc3 Nc6 3. g3 g6
4. Bg2 Bg7 5. d3 e6 6. Be3 d6 7. Nge2 Nge7 8. O-O O-O 9. Rb1 Nd4 10. f4 Nec6
11. a3 Qa5 12. g4 f5 13. gxf5 exf5 14. Ng3 Be6 15. h4 Rae8 16. h5 Qd8 17. hxg6
hxg6 18. Kf2 Kf7 19. Rh1 Rh8 20. Qd2 Rxh1 21. Rxh1 Rh8 22. Nd1 Rxh1 23. Bxh1
Qh4 24. c3 g5 25. fxg5 Be5 26. cxd4 cxd4 27. g6+ Kxg6 28. exf5+ Bxf5 29. Bg5
Qxg3+ 30. Ke2 Qxg5 31. Qc2 Bg4+ 32. Bf3 Bxf3+ 33. Kxf3 Qf4+ 34. Ke2 Qh2+ 35.
Nf2 Bg3 36. Kf1 Qxf2+ 37. Qxf2 Bxf2 38. Kxf2 a5 39. a4 Kf5 40. Kf3 Ke5 41. Ke2
Kd5 42. Kd2 Kc5 0-1

[Event "31. DSenEM2019 Gruppe 65+"]
[Site "Radebeul"]
[Date "2019.05.03"]
[Round "8.64"]
[White "Hoose, Hannelore"]
[Black "Baumast, Bernd"]
[Result "1-0"]
[WhiteElo "1674"]
[BlackElo "1534"]
[PlyCount "35"]
[EventDate "2019.??.??"]
[WhiteTeam "SC Vahr"]
[BlackTeam "SV Bad Oldesloe"]

 1. Nf3 e6 2. b3 b6 3. Bb2 Bb7 4. e3
Be7 5. Be2 Bf6 6. Bxf6 Qxf6 7. Nc3 Ne7 8. O-O Ng6 9. d4 a6 10. a4 h5 11. Bd3
Bxf3 12. Qxf3 Qxf3 13. gxf3 Nh4 14. Be2 Nc6 15. f4 Nb4 16. Rac1 O-O-O 17. Kh1
Rhg8 18. Ne4 1-0

[Event "31. DSenEM2019 Gruppe 65+"]
[Site "Radebeul"]
[Date "2019.05.03"]
[Round "8.65"]
[White "Kurpiela, Franz"]
[Black "Bondick, Karl-Heinz"]
[Result "1-0"]
[WhiteElo "1731"]
[BlackElo "1948"]
[Annotator "lenovo"]
[PlyCount "113"]
[EventDate "2019.??.??"]
[WhiteTeam "TSG Öhringen"]
[BlackTeam "USC Magdeburg"]

 1. e4 e5 2. Nf3 f5 3. Bc4 Qe7 4. d3 Nf6 5. Bg5 d6 6. Nc3 c6 7. O-O
Be6 8. Re1 f4 9. Bxf6 Qxf6 10. Bxe6 Qxe6 11. d4 Be7 12. d5 Qh6 13. dxc6 bxc6
14. Qd3 Qe6 15. Rad1 O-O 16. Nd2 Nd7 17. Qc4 Nc5 18. b4 Qxc4 19. Nxc4 Nb7 20.
Rd3 Rfd8 21. Red1 Rac8 22. a3 Kf7 23. g3 g5 24. gxf4 gxf4 25. Rh3 Rg8+ 26. Kf1
Kg7 27. Ke2 Kh8 28. Rh6 Rg6 29. Rxg6 hxg6 30. Nxe5 Bf6 31. Nxg6+ Kh7 32. Nxf4
Bxc3 33. Rd3 Bf6 34. c4 Re8 35. Rh3+ Kg8 36. Kf3 Bb2 37. a4 Bc3 38. Nd3 Kg7 {
(=)} 39. Rh5 Rf8+ 40. Ke3 Kg6 41. Rh3 a5 42. b5 cxb5 43. cxb5 Rc8 44. Nf4+ Kg7
45. Nd5 Bb2 46. Rg3+ Kf7 47. Rf3+ Ke6 48. Nf4+ Kd7 49. Nd3 Rc3 50. Ke2 Ba1 51.
Rf7+ Kc8 52. b6 Rb3 53. Rf8+ Kd7 54. Rf7+ Kc6 55. f4 Kxb6 56. e5 dxe5 57. Rxb7+
1-0

[Event "31. DSenEM2019 Gruppe 65+"]
[Site "Radebeul"]
[Date "2019.05.03"]
[Round "8.66"]
[White "Fauth, Frank"]
[Black "Walther, Reinhard"]
[Result "1-0"]
[WhiteElo "1671"]
[BlackElo "2042"]
[PlyCount "61"]
[EventDate "2019.??.??"]
[WhiteTeam "SV Jena"]
[BlackTeam "SK Herzogenaurach"]

1. d4 c5 2. e3 e6 3. a3 Nf6 4. c4 d5 5. Nf3 Nc6 6. Nc3 Bd6 7. Be2 O-O 8. O-O b6
9. b3 Bb7 10. cxd5 exd5 11. Bb2 cxd4 12. Nxd4 Ne5 13. Nf3 Rc8 14. Nb5 Nxf3+ 15.
Bxf3 Bb8 16. Qe2 Ne4 17. Rfd1 Qg5 18. g3 Rc6 19. Bxe4 dxe4 20. Rd4 Rh6 21. Nc3
f5 22. Nd5 Be5 23. Rdd1 Bd6 24. Nf4 Qe7 25. Rd2 Rc8 26. Rf1 g5 27. Nd5 Qe6 28.
Nf6+ Rxf6 29. Bxf6 Qxf6 30. Rxd6 Qc3 31. Qh5 1-0

[Event "31. DSenEM2019 Gruppe 65+"]
[Site "Radebeul"]
[Date "2019.05.03"]
[Round "8.67"]
[White "Lichtblau, Ernst"]
[Black "Höhne, Peter"]
[Result "0-1"]
[WhiteElo "1729"]
[BlackElo "1925"]
[PlyCount "58"]
[EventDate "2019.??.??"]
[WhiteTeam "Brühler SK"]
[BlackTeam "SG Hohndorf"]

 1. Nf3 Nf6 2. b3 d6 3. Bb2 e5 4. d3 g6 5. g3 Bg7 6. Bg2 O-O
7. O-O Nh5 8. Nbd2 f5 9. Qc1 f4 10. c4 c6 11. d4 Qe7 12. dxe5 dxe5 13. Ba3 c5
14. Ne4 Na6 15. Nc3 Nc7 16. Nd2 Bh6 17. Nde4 Ne6 18. Nd5 Qg7 19. Qc3 Nd4 20.
Bf3 fxg3 21. Nxg3 Rxf3 22. exf3 Nxg3 23. Kg2 Nge2 24. Qa5 b6 25. Nxb6 Qf6 26.
f4 Nxf4+ 27. Kh1 Bb7+ 28. Nd5 Nxd5 29. cxd5 Qf3+ 0-1

[Event "31. DSenEM2019 Gruppe 65+"]
[Site "Radebeul"]
[Date "2019.05.03"]
[Round "8.68"]
[White "Werl, Ralf-Dieter"]
[Black "Nowack, Achim"]
[Result "1-0"]
[WhiteElo "1904"]
[BlackElo "1696"]
[PlyCount "145"]
[EventDate "2019.??.??"]
[WhiteTeam "SV Motor Hainichen"]
[BlackTeam "SK Kaltenkirchen"]

1. Nf3 g6 2. d4 Bg7 3. e4 c5 4. c3 b6 5. Be3 d6 6. dxc5 bxc5 7. e5 Nh6 8. exd6
Qxd6 9. Bb5+ Bd7 10. Na3 Bxb5 11. Qxd6 exd6 12. Nxb5 Na6 13. Nxd6+ Ke7 14. Nc4
Nf5 15. Bf4 Rhe8 16. O-O Kf8 17. Nd6 Nxd6 18. Bxd6+ Kg8 19. Rfe1 Bf8 20. Bxf8
Kxf8 21. Kf1 Rab8 22. Rxe8+ Kxe8 23. b3 Rd8 24. Re1+ Kf8 25. Ke2 c4 26. b4 Nc7
27. Rc1 Nd5 28. g3 h5 29. Nd2 Nb6 30. Nf1 Na4 31. Ne3 Rd3 32. Nxc4 Rxc3 33.
Rxc3 Nxc3+ 34. Kd2 Nxa2 35. b5 Nb4 36. Ne5 Ke7 37. Kc3 Nd5+ 38. Kd4 Nb6 39.
Nc6+ Kd6 40. Nxa7 f6 41. Nc6 Nd7 42. Na5 Nf8 43. Nc4+ Kd7 44. Kd5 g5 45. b6 Ng6
46. b7 Ne7+ 47. Ke4 Kc7 48. Nd6 h4 49. Ne8+ Kxb7 50. Nxf6 hxg3 51. hxg3 Kc6 52.
Nh7 Kd6 53. Nxg5 Ng8 54. f4 Ke7 55. g4 Nh6 56. Kf3 Kf6 57. Ne4+ Kg6 58. Nd6 Ng8
59. g5 Ne7 60. Kg4 Nd5 61. f5+ Kg7 62. Ne4 Ne3+ 63. Kf4 Nc4 64. Nf2 Nd6 65. Ng4
Nf7 66. g6 Nd6 67. Nf2 Kh6 68. Ke5 Ne8 69. Ne4 Kg7 70. Ng5 Kh6 71. Ne4 Kg7 72.
Nc5 Kf8 73. f6 1-0

[Event "31. DSenEM2019 Gruppe 65+"]
[Site "Radebeul"]
[Date "2019.05.03"]
[Round "8.69"]
[White "Klimpel, Siegfried"]
[Black "Gabriel, Rolf"]
[Result "0-1"]
[WhiteElo "1856"]
[BlackElo "1726"]
[PlyCount "46"]
[EventDate "2019.??.??"]
[WhiteTeam "TSV Kareth-Lappersdorf"]
[BlackTeam "SV Ottendorf-Okrilla"]

 1.  e4 e6 2. Nc3 d5 3. Nf3 Nf6 4. e5 Ng8 5. d4 c5 6. Be3 Nd7 7. Be2 Nh6 8. Bxh6
gxh6 9. Qd2 cxd4 10. Qxd4 Bg7 11. Nd1 O-O 12. Ne3 Qc7 13. Ng4 f5 14. exf6 Nxf6
15. Nxf6+ Bxf6 16. Qg4+ Kh8 17. Qb4 Bd7 18. c3 Rac8 19. Rc1 a5 20. Qb3 Qf4 21.
Rd1 Ba4 22. Rd4 Bxd4 23. Qxb7 Qc1+ 0-1

[Event "31. DSenEM2019 Gruppe 65+"]
[Site "Radebeul"]
[Date "2019.05.03"]
[Round "8.70"]
[White "Ludwig, Siegfried"]
[Black "Josting, Friedel"]
[Result "0-1"]
[WhiteElo "1536"]
[BlackElo "1855"]
[PlyCount "71"]
[EventDate "2019.??.??"]
[WhiteTeam "GSV Hemmingen"]
[BlackTeam "SG Bünde"]

 1. e4 e6 2. Nc3 c5 3. Be2 Nc6 4. Nf3 Be7 5. O-O d6 6. h3 Nf6 7. d3 O-O
8. Nh2 Nd4 9. Bg4 b5 10. Ne2 Bb7 11. Ng3 a5 12. c3 Nc6 13. f4 Qb6 14. Kh1 Rad8
15. Qe1 b4 16. Bd2 Ba6 17. Be2 Rd7 18. Rf3 h6 19. Re3 Qd8 20. Rd1 Nh7 21. Bf3
Bh4 22. Bg4 d5 23. e5 d4 24. Rf3 dxc3 25. Bc1 c4 26. Nhf1 cxd3 27. Qe4 Nd4 28.
Re3 Ne2 29. b3 Nxg3+ 30. Nxg3 d2 31. f5 Ng5 32. Qc6 Bb7 33. Qb5 dxc1=Q 34. Rxc1
f6 35. Qe2 Rd2 36. Qb5 0-1

[Event "31. DSenEM2019 Gruppe 65+"]
[Site "Radebeul"]
[Date "2019.05.03"]
[Round "8.71"]
[White "Siewert, Wolfgang"]
[Black "Mortensen, Manfred"]
[Result "1-0"]
[WhiteElo "1807"]
[BlackElo "1657"]
[PlyCount "66"]
[EventDate "2019.??.??"]
[WhiteTeam "SV Eiche Reichenbrand"]
[BlackTeam "BSV Chemie Radebeul"]

 1. Nf3 d5 2. g3 Nf6 3. Bg2 g6 4. c4 e6 5. b3 Bg7 6.
Bb2 dxc4 7. bxc4 O-O 8. Qc2 Nbd7 9. d4 c5 10. O-O Qb6 11. Nbd2 Rb8 12. a4 Qc7
13. dxc5 Nxc5 14. Be5 Qa5 15. Bxb8 Nfd7 16. Bd6 Bxa1 17. Bxf8 Kxf8 18. Rxa1 Nb6
19. Nb3 Nxb3 20. Qxb3 Bd7 21. Qa3+ Ke8 22. c5 Nd5 23. Ne5 Bc6 24. Nxc6 bxc6 25.
Bxd5 exd5 26. Qe3+ Kf8 27. Qd4 Kg8 28. Rb1 Qc7 29. a5 h5 30. a6 Qc8 31. Rb7 Qe8
32. Rxa7 Kh7 33. Qf4 Kg7 1-0

[Event "31. DSenEM2019 Gruppe 65+"]
[Site "Radebeul"]
[Date "2019.05.03"]
[Round "8.72"]
[White "Mertens, Gottfried"]
[Black "Rudolph, Karl-Heinz"]
[Result "1-0"]
[WhiteElo "1782"]
[BlackElo "1642"]
[PlyCount "101"]
[EventDate "2019.??.??"]
[WhiteTeam "SK Weinheim"]
[BlackTeam "SV Irxleben"]

1. f4 d5 2. Nf3 Nf6 3. e3 g6 4. Be2 Bg7 5. d4 O-O 6. O-O Nbd7 7. c4 c6 8. Nc3
dxc4 9. Bxc4 Nb6 10. Bd3 Bg4 11. Qc2 Bxf3 12. Rxf3 e6 13. Bd2 Rc8 14. Ne2 Ng4
15. h3 Nh6 16. Nc3 Re8 17. Ne4 Nd5 18. Nf2 Nf5 19. Bxf5 exf5 20. Nd3 Rc7 21.
Re1 Rce7 22. Qc1 f6 23. Nc5 Kh8 24. Kh1 g5 25. fxg5 fxg5 26. Rxf5 b6 27. Nd3
Re6 28. Nf2 h6 29. Rf3 Qd6 30. Ng4 Re4 31. Nf2 R4e6 32. e4 Nf4 33. Bxf4 gxf4
34. Rd3 Bxd4 35. Red1 c5 36. Kg1 Rxe4 37. Kf1 Re2 38. Rf3 Qg6 39. Qxf4 Rxb2 40.
Ng4 Rxa2 41. Qxh6+ Qxh6 42. Nxh6 Ra1 43. Rxa1 Bxa1 44. Rf7 a5 45. Rb7 Re6 46.
Nf7+ Kg8 47. Ng5 Rg6 48. h4 c4 49. Rb8+ Kg7 50. Rb7+ Kh6 51. Rh7# 1-0

[Event "31. DSenEM2019 Gruppe 65+"]
[Site "Radebeul"]
[Date "2019.05.03"]
[Round "8.73"]
[White "Gafke, Manfred"]
[Black "Thonig, Manfred"]
[Result "1-0"]
[WhiteElo "1765"]
[BlackElo "1564"]
[PlyCount "103"]
[EventDate "2019.??.??"]
[WhiteTeam "SV Lok Dresden"]

1. d4 e6 2. Bf4 Nf6 3. e3 h6 4. Nd2 d5 5. Bd3 Bd6 6. Bxd6 Qxd6 7. c3 O-O 8.
Ngf3 Nbd7 9. O-O a5 10. Re1 b6 11. e4 dxe4 12. Nxe4 Nxe4 13. Bxe4 c6 14. Qc2 f5
15. Bd3 Bb7 16. Ne5 Nxe5 17. Rxe5 Rf6 18. Rae1 Re8 19. Bxf5 Bc8 20. Qb3 b5 21.
a3 a4 22. Qd1 Re7 23. Bg4 g6 24. R1e3 Ref7 25. Re2 h5 26. Bh3 Re7 27. Qd2 Kg7
28. Qg5 Ref7 29. Qg3 Re7 30. Qe3 Bd7 31. f4 c5 32. f5 cxd4 33. cxd4 b4 34. fxe6
Bb5 35. Rxb5 bxa3 36. bxa3 Rf4 37. Qe5+ Qxe5 38. Rbxe5 Rxd4 39. g3 Kf6 40. Ra5
Rd1+ 41. Kg2 g5 42. Rf2+ Kg6 43. Bf5+ Kh6 44. Re2 g4 45. Rxa4 Ra1 46. Rd4 Rc7
47. Bc2 Ra2 48. Red2 Re7 49. Rd7 Rxc2 50. Rxc2 Rxe6 51. Rcd2 Kg5 52. R2d5+ 1-0

[Event "31. DSenEM2019 Gruppe 65+"]
[Site "Radebeul"]
[Date "2019.05.03"]
[Round "8.74"]
[White "Scharff, Jürgen"]
[Black "Prause, Dieter"]
[Result "0-1"]
[WhiteElo "1693"]
[BlackElo "1760"]
[PlyCount "44"]
[EventDate "2019.??.??"]
[WhiteTeam "SV Opladen"]
[BlackTeam "SK Delbrück"]

 1. d4 Nf6 2. c4 e6 3. Nc3 b6 4. Bg5 Be7 5. e3 h6 6. Bh4 Bb7 7. f3 O-O 8.
Bd3 d5 9. Nge2 dxc4 10. Bxc4 Nd5 11. Bf2 Nxc3 12. Nxc3 Bh4 13. O-O Bxf2+ 14.
Rxf2 Nd7 15. Rd2 Nf6 16. Rc1 Qe7 17. Be2 Nd5 18. e4 Nf4 19. Rdc2 Qg5 20. Qf1
Rfd8 21. Rd1 Rd7 22. Qf2 Nh3+ 0-1

[Event "31. DSenEM2019 Gruppe 65+"]
[Site "Radebeul"]
[Date "2019.05.03"]
[Round "8.75"]
[White "Hülle, Gunter"]
[Black "Huber, Helmut"]
[Result "1/2-1/2"]
[WhiteElo "1736"]
[BlackElo "1652"]
[PlyCount "31"]
[EventDate "2019.??.??"]
[WhiteTeam "SV Springer Leipzig"]
[BlackTeam "Brackweder SK"]

 1. b4 e5 2. Bb2 Bxb4 3. Bxe5 Nf6
4. a3 Ba5 5. e3 O-O 6. c4 c5 7. Bd6 Ne4 8. Bxf8 Qf6 9. Qf3 Qxa1 10. Qxe4 Kxf8
11. Bd3 g6 12. Nf3 Nc6 13. O-O Qf6 14. Be2 d6 15. d4 cxd4 16. exd4 1/2-1/2

[Event "31. DSenEM2019 Gruppe 65+"]
[Site "Radebeul"]
[Date "2019.05.03"]
[Round "8.76"]
[White "Ritter, Fred"]
[Black "Hellwege, Werner"]
[Result "0-1"]
[WhiteElo "1706"]
[BlackElo "1845"]
[PlyCount "92"]
[EventDate "2019.??.??"]
[WhiteTeam "BSV Chemie Radebeul"]
[BlackTeam "HSK Lister Turm"]

1. e4 c5 2. Nf3 e6 3. c3 d5 4. e5 d4 5. Bb5+ Bd7 6. Qa4 d3 7. Na3 a6 8. Bxd7+
Qxd7 9. Qe4 f5 10. Qe3 b5 11. c4 b4 12. Nb1 Nc6 13. a3 Na5 14. axb4 Nb3 15. Ra3
Nxc1 16. b5 Nh6 17. h3 Be7 18. Kd1 Ne2 19. Rxd3 Nd4 20. Nxd4 cxd4 21. Qf3 O-O
22. b6 Qa4+ 23. b3 Qd7 24. Nc3 Nf7 25. Qe2 Rab8 26. Na4 Rfd8 27. f4 Qc6 28. Rg1
Bc5 29. g4 Bxb6 30. gxf5 exf5 31. e6 Nh6 32. Qe5 g6 33. Rg5 Rb7 34. Rdg3 Rg7
35. Nxb6 Qxb6 36. Kc2 Re8 37. c5 Qxe6 38. Qxd4 Qe4+ 39. Qxe4 Rxe4 40. Rc3 Rc7
41. Rgg3 Rxf4 42. c6 Nf7 43. Rgd3 Ne5 44. Rd6 Kf7 45. Rc5 Ke7 46. Rdd5 Nxc6 0-1